banner koha

Redondilhas canções sonetos / (Registro n. 259921)

MARC details
000 -LÍDER
Campo de controle fixo 00673nam a22002537a 4500
001 - NÚMERO DE CONTROLE
Número de controle BS2023000575
003 - CÓDIGO MARC DA AGÊNCIA CATALOGADORA
Campo de controle BR-BrBNA
005 - DATA E HORA DA ÚLTIMA ATUALIZAÇÃO
Campo de controle 20231211134021.0
008 - CAMPO DE TAMANHO FIXO
Campo fixo de controle 231208b bl.||||| |||| 00| 0 por d
040 ## - FONTE DA CATALOGAÇÃO
Agência catalogadora BR-BrBNA
Idioma da catalogação por
041 ## - CÓDIGO DO IDIOMA
Código do Idioma por
072 ## - CATEGORIA DE CLASSIFICAÇÃO
Código da categoria de assunto S90
100 ## - ENTRADA PRINCIPAL - NOME PESSOAL
Código de relação aut.
Nome pessoal Camões, Luís de
245 ## - TÍTULO PRINCIPAL
Título principal Redondilhas canções sonetos /
Indicação de responsabilidade Luís de Camões
260 ## - IMPRENTA (PUBLICAÇÃO, DISTRIBUIÇÃO, ETC.)
Lugar de publicação, distribuição, etc. Rio de Janeiro, RJ :
Nome do editor, distribuidor, etc. Real Gabinete Português de Leitura,
Data de publicação, distribuição, etc 1980.
300 ## - DESCRIÇÃO FÍSICA
Extensão 433 p.
650 ## - ASSUNTO
Cabeçalho tópico ou nome geográfico REDONDILHAS
650 ## - ASSUNTO
Cabeçalho tópico ou nome geográfico CANÇÕES
650 ## - ASSUNTO
Cabeçalho tópico ou nome geográfico SONETOS
856 ## - ACESSO E ENDEREÇO ELETRÔNICO
Texto do link Texto integral
909 ## - IDENTIFICAÇÃO DO CATALOGADOR
Ano e mês da catalogação (aaaamm) 78
Identificação do catalogador Ana Lívia Fragoso Lopes
942 ## - TIPO ESPECÍFICO
Tipo de material Livros
Exemplares
Status de empréstimo Fonte de classificação Status de danificação Não pode ser emprestado Localização permanente Localização atual Total Checkouts Número de chamada Código de barras Date last seen Tipo de material Perdido Data de aquisição Fonte de aquisição Qualificador de localização codificada Preço Número de inventário Preço para reposição Preço efetivo a partir de
  Classificação AGRIS     Espaço Ceres - QVT/MAPA Espaço Ceres - QVT/MAPA   S90 BS2023000575 2023-437183 08/12/2023 Livros                

BINAGRI

Telefone: (61)3218-2567/2388/3357/2097 - binagri@agro.gov.br

Ministério da Agricultura e Pecuária , Esplanada dos Ministérios, Bloco D, Anexo B, Brasília/DF, CEP: 70.043-900